| 000 | 00887cam a2200253 4500 | ||
|---|---|---|---|
| 001 | M2025 | ||
| 008 | 090401t1994 xxu||||| |||| 00| 0 eng d | ||
| 035 | _a(Sirsi) u96277 | ||
| 041 | _aeng | ||
| 110 |
_aRoyal Institution of Chartered Surveyors _94900 |
||
| 245 | _aNon-domestic rates : 1995 Revaluation : proposed tranistional arrangements. | ||
| 260 |
_aLondon _bRICS _c1994 |
||
| 300 | _a7p. ; 30cm. | ||
| 350 | _a4 | ||
| 490 |
_aRICS Memorandum _vGCPPA/Report(94)19 |
||
| 520 | _aJoint response to the consultation paper issued by the Department of the Environment on proposed Transitional Arrangements following the 1995 Revaluation. | ||
| 650 | _aNON-DOMESTIC RATES | ||
| 650 | _aRATING REVALUATION 1995 | ||
| 650 | _aTRANSITIONAL ARRANGEMENTS | ||
| 690 | _aRATING AND VALUATION | ||
| 710 |
_aRating Surveyors' Association _92328 |
||
| 942 | _n0 | ||
| 948 | _c04/03/1997 | ||
| 999 |
_c98604 _d98604 |
||